000 00419cam a22001217a 4500
008 180718b1954 xxu||||| |||| 00| 0 eng d
082 _aQ48044x42 Un3e
245 _aReport of the Committee on the Economic and Financial Problems of the Provision of Old Age
260 _aLondon
_bHer Majesty's Stationery Office
_c1954
300 _a119+p.
500 _aChairman : Thomas Phillips
700 _aPhillips, Thomas (chairman)
999 _c418530
_d418530